000 00706aam a2200241 4500
005 20231024133452.0
008 150409b2003 xxu||||| |||| 00| 0 spa d
020 _a99776781624
041 _aESP
082 _a330.972 86 H632c
100 _aHidalgo Capitán, Antonio Luis
_97747
245 _aCosta Rica en evolución: política económica,desarrollo y cambio estructural del sistema socioeconómico costarricense,1980-2002
260 _aCosta Rica
260 _bEUCR
260 _c2003
300 _a390 páginas
650 _aECONOMIA
650 _aPOLITICA ECONOMICA
650 _aDESARROLLO SOCIAL
650 _aCONDICIONES ECONOMICAS
650 _aCODESA
942 _cBK
_2ddc
999 _c4396
_d4396